Score 0/5 Timer 02:00
0 Plays Today
% Correct
Roald Dahl
92.3%
Eric Carle
15.4%
Allan Ahlberg
0%
Giles Andreae
0%
Cerrie Burnell
0%
Remove Ads.
Support Sporcle.
Get the best of Sporcle when you Go Orange. This ad-free experience offers more features, more stats, and more fun while also helping to support Sporcle. Thank you for becoming a member.

You're not logged in!

Compare scores with friends on all Sporcle quizzes.
OR
Log In

Sporcle TV

Today on Sporcle TV


Watch our educational content, quiz creation guides, and fun videos on Sporcle TV.

Show Comments

Extras

Created Oct 15, 2018SourceReportNominateIcon Source: Allan Ahlberg
Tags:Popular Quiz, Children, Top 5, Writer

Top Quizzes Today


Score Distribution

Paid Content

Your Account Isn't Verified!

In order to create a playlist on Sporcle, you need to verify the email address you used during registration. Go to your Sporcle Settings to finish the process.

Report this User

Report this user for behavior that violates our Community Guidelines.

Details: